| 000 | 00491nam a22001817a 4500 | ||
|---|---|---|---|
| 003 | LK-CoDNM | ||
| 005 | 20250127141105.0 | ||
| 008 | 250127b |||||||| |||| 00| 0 eng d | ||
| 040 |
_aLK-CoDNM _dLK-CoDNM _eLK-CoDNM |
||
| 041 | _aeng | ||
| 080 |
_a13 _bI14 |
||
| 100 | _aWalter,Herbert Eugene | ||
| 245 |
_aGenetics _bAn introduction to the study of heredity |
||
| 260 |
_aNew york _bThe Macmillan and Co. _c1922 |
||
| 300 | _axvi, 354p. : ill ; 19 cm | ||
| 650 | _aTrees | ||
| 942 | _cBK | ||
| 999 |
_c237469 _d237469 |
||